| 000 | 01010nam0a22002771 4500 | ||
|---|---|---|---|
| 001 | rc\2994490 | ||
| 005 | 20250810054820.0 | ||
| 035 | _a(NLR Aleph) 007138303 | ||
| 090 |
_a7029538 _c7029538 |
||
| 100 | _a20110916d1944 u y0rusy50 ca | ||
| 101 | 0 | _arus | |
| 102 | _aRU | ||
| 105 | _aa z ||||| | ||
| 200 | 1 |
_aСеменные участки в колхозах _e(Зерновые и зернобобовые культуры, клевер, картофель) _fП.В. Денисов и Н.П. Петров _gЛенингр. обл. зерн. отд. |
|
| 210 |
_a[Ленинград] _cЛениздат _d1944 |
||
| 215 |
_a53, [3] с., табл. _d17 см |
||
| 700 | 1 |
_aДенисов _bП.В. _gПетр Васильевич |
|
| 701 | 1 |
_aПетров _bН.П. |
|
| 801 | 0 |
_aRU _bNLR _gpsbo |
|
| 801 | 1 |
_aRU _bELAR _2rusmarc |
|
| 852 |
_aNLR _bС50 Г-2/306 |
||
| 942 | _cBOOK | ||
| 945 | _aРоссийская национальная библиотека | ||
| 980 | _aNB | ||
| 980 | _aBV | ||